Doba nepřeje riziku

Koncom roku 1992 - platné pravidlá BIS (Banka pre medzinárodné platby), týkajúce sa minimálneho kapitálu. Banky zapojené do medzinárodného obchodu musia mať minimálny kapitál 8 percent svojich rizikových aktív. Situácia v krajinách s rozvinutým bankovým systémom.

Salvato in:
Dettagli Bibliografici
Autore principale: Stanzelová, M.
Natura: Capitolo di libro
Lingua:ceco
Soggetti:
Tags: Aggiungi Tag
Nessun Tag, puoi essere il primo ad aggiungerne!!

MARC

LEADER 00000naa a2200000 4500
001 r016129
005 20221213081729.5
041 0 |a cze 
044 |a CZ 
245 1 0 |a Doba nepřeje riziku  |c M. Stanzelová 
520 |a Koncom roku 1992 - platné pravidlá BIS (Banka pre medzinárodné platby), týkajúce sa minimálneho kapitálu. Banky zapojené do medzinárodného obchodu musia mať minimálny kapitál 8 percent svojich rizikových aktív. Situácia v krajinách s rozvinutým bankovým systémom. 
610 2 0 |a kapitál bankový 
610 2 0 |a banky 
610 2 0 |a obchod medzinárodný 
610 2 0 |a BIS 
610 2 0 |a 1992 
610 2 0 |a aktíva 
100 1 |a Stanzelová, M.